It looks like you're offline.
Open Library logo
additional options menu

MARC Record from Scriblio

Record ID marc_records_scriblio_net/part12.dat:65732578:722
Source Scriblio
Download Link /show-records/marc_records_scriblio_net/part12.dat:65732578:722?format=raw

LEADER: 00722pam 2200217 i 4500
001 80022695
003 DLC
005 19810702000000.0
008 800915s1981 caua 00110 eng
010 $a 80022695
020 $a0910554323 :$c$4.95
050 0 $aQA76.73.F25$bE93
082 0 $a001.64/24$219
100 10 $aEvett, Jack B.,$d1942-
245 10 $aFortran programming with applications to engineering /$cJack B. Evett, Richard P. Pinckney.
260 0 $aSan Jose, Calif. :$bEngineering Press,$cc1981.
300 $axi, 209 p. ;$bill. ;$c23 cm.
500 $aIncludes index.
650 0 $aFORTRAN (Computer program language)
650 0 $aEngineering$xData processing.
700 10 $aPinckney, Richard P.,$d1947-$ejoint author.